Score 0/16 Timer 04:00
0 Plays Today
Show Missing Word % Correct
Game of _____Thrones
99%
_____ the Vampire SlayerBuffy
98.8%
Once _____ a TimeUpon
97.9%
_____, the Teenage WitchSabrina
94.1%
Xena: Warrior _____Princess
94.1%
Sleepy _____Hollow
92.2%
American _____ StoryHorror
91.4%
I _____ of JeannieDream
90.7%
Show Missing Word % Correct
The _____ ZoneTwilight
89.6%
Marvel's _____ of S.H.I.E.L.D.Agents
81.9%
_____ ShadowsDark
76.6%
True _____Blood
66.1%
Ghost _____Whisperer
63.9%
_____ DreadfulPenny
61.6%
Being _____Human
29.5%
Lost _____Girl
15.4%

Today's Daily Dose

Word Ladder
I Have a Dream

Get the Picture
January Holidays

Remove Ads.
Support Sporcle.
Get the best of Sporcle when you Go Orange. This ad-free experience offers more features, more stats, and more fun while also helping to support Sporcle. Thank you for becoming a member.

You're not logged in!

Compare scores with friends on all Sporcle quizzes.
OR
Log In

Show Comments

Extras

Top Quizzes Today


Score Distribution

Your Account Isn't Verified!

In order to create a playlist on Sporcle, you need to verify the email address you used during registration. Go to your Sporcle Settings to finish the process.

Report this User

Report this user for behavior that violates our Community Guidelines.

Details: